| 000 | 00600nam a2200217Ia 4500 | ||
|---|---|---|---|
| 005 | 20250508164423.0 | ||
| 008 | 008 250505s9999 xx 000 0 eng d | ||
| 020 | _a81-89766-05-8 | ||
| 037 | _aTextual | ||
| 040 |
_aFEDL _beng _cFEDL |
||
| 041 |
_aeng _2eng |
||
| 084 |
_a305.6, AMR _qFEDL |
||
| 100 | _aAmrik Singh | ||
| 245 | 0 | _aHindu muslim divide: A fresh book | |
| 260 |
_aNew Delhi, India _bVitasta Publishing Pvt. Ltd. _c2007 |
||
| 300 | _axi,238p. | ||
| 365 |
_aINR _b345 |
||
| 650 |
_aHindu-Muslim _9778084 |
||
| 942 |
_cTEXL _h305.6, AMR |
||
| 999 |
_c1389051 _d1389051 |
||